000 00459nam a2200193Ia 4500
001 14399
003 GE_BSU
008 181216s||||||||xx |||||||||||||| ||und||
040 _cGE_BSU
080 _a82-93
100 _aPotter,Beatrix
245 4 _aThe Complete Adventures of Peter Rabbit
260 _aLondon
260 _bBook club Associates
260 _c1994
300 _a80p.29cm.
653 _aThe Complete Adventures of Peter Rabbit
942 _cBK
999 _c47535
_d47535